000 00397nam a2200145Ia 4500
008 100122s9999 xx 000 0 und d
082 _b41676
_a823.08
100 _aबनहट्टी राजेंद्र
245 _aकृष्णजन्म
260 _c1905
300 _a154
630 _aकृष्णजन्म
730 _aकृष्णजन्म
942 _cBOOK
999 _c422252
_d422249